| 000 | 00520nam a22001937a 4500 | ||
|---|---|---|---|
| 005 | 20180906100933.0 | ||
| 010 | _aENG-123958 | ||
| 020 |
_c375.00 _a9789381399316 |
||
| 035 | _aEN-107490 | ||
| 037 | _bDBAD/PUB | ||
| 082 | _aN | ||
| 100 | _aRadhakrishnan, C. | ||
| 245 |
_aHeart - rending times / _cby C. Radhakrishnan; tr. by Kairali Narayanan |
||
| 260 |
_bHi-Tech Books _c2015 _aKochi |
||
| 270 |
_bKochi _e682017 |
||
| 300 |
_a366p _c21cm.(pbk.) |
||
| 700 | _aKairali Narayanan | ||
| 942 |
_2ddc _cEN _mRAD _hN |
||
| 999 |
_c156890 _d156890 |
||